| 000 | 01454cam a2200337 a 4500 | ||
|---|---|---|---|
| 001 | 14852881 | ||
| 003 | OSt | ||
| 005 | 20151012171026.0 | ||
| 008 | 070516s2008 nyua 001 0 eng | ||
| 010 | _a 2007020853 | ||
| 020 | _a1418001031 (alk. paper) | ||
| 020 | _a9781418001032 (alk. paper) | ||
| 035 | _a(OCoLC)ocn132585420 | ||
| 035 | _a(OCoLC)132585420 | ||
| 040 |
_aDLC _cDLC _dBTCTA _dBAKER _dYDXCP _dC#P _dDLC |
||
| 050 | 0 | 0 |
_aQA76.575 _b.V528 2008 |
| 082 | 0 | 0 |
_a006.7 _222 _bVRE |
| 100 | 1 |
_aVillalobos, Ray. _951999 |
|
| 245 | 1 | 0 |
_aExploring multimedia for designers / _cRay Villalobos. |
| 260 |
_aClifton Park, NY : _bThomson Delmar Learning, _cc2008. |
||
| 300 |
_axv, 286 p. : _bill. (chiefly col.) ; _c26 cm. + _e1 CD-ROM (4 3/4 in.). |
||
| 440 | 0 |
_aDesign exploration series _952000 |
|
| 500 | _aIncludes index. | ||
| 505 | 0 | _aThe tools of multimedia -- Planning your projects -- Introduction to Flash -- Working with photography -- The power of sound -- Principles of animation -- The elements of storytelling -- Making the most of video -- The most important chapter. | |
| 650 | 0 |
_aMultimedia systems. _952001 |
|
| 650 | 0 |
_aDigital media. _94847 |
|
| 856 | 4 | 1 |
_3Table of contents only _uhttp://www.loc.gov/catdir/toc/ecip0718/2007020853.html |
| 906 |
_a7 _bcbc _corignew _d1 _eecip _f20 _gy-gencatlg |
||
| 942 |
_2ddc _cBOOK |
||
| 999 |
_c38360 _d272860 |
||